English upgrade : Workbook

English upgrade aims to help adult and young adult learners of English to speak the language more fluently, sound more natural and communicate more effectively. It does this by developing and extending learners' existing knowledge of English; guiding them to fluency through carefully controlled...

全面介绍

Đã lưu trong:
书目详细资料
主要作者: Gershon, Steven
格式: 图书
语言:Undetermined
出版: Oxford MacMillan 2002
主题:
标签: 添加标签
没有标签, 成为第一个标记此记录!
Thư viện lưu trữ: Trung tâm Học liệu Trường Đại học Cần Thơ
LEADER 01531nam a2200229Ia 4500
001 CTU_93354
008 210402s9999 xx 000 0 und d
020 |c 71000 
082 |a 428.34 
082 |b E58w/B.2 
100 |a Gershon, Steven 
245 0 |a English upgrade : 
245 0 |b Workbook 
245 0 |c Steven Gershon, Chris Mares 
260 |a Oxford 
260 |b MacMillan 
260 |c 2002 
520 |a English upgrade aims to help adult and young adult learners of English to speak the language more fluently, sound more natural and communicate more effectively. It does this by developing and extending learners' existing knowledge of English; guiding them to fluency through carefully controlled activities; and building their confidence through enjoyable and meaningful tasks. Components of "English Upgrade" 1, 2 and 3 are: student book with student audio CD; teacher's resource book - containing a course introduction, unit-by-unit teaching notes with answers, photocopiable communication activities, photocopiable reading files, a photocopiable list of key vocabulary, photocopiable progress tests, full answer keys to the workbook, and photocopiable audio scripts; workbook - containing reading and writing activities to consolidate the language introduced in the student book; and class cassette or CD - containing all the listening material in the course 
650 |a English language 
650 |x Study and teaching 
904 |i Tuyến 
980 |a Trung tâm Học liệu Trường Đại học Cần Thơ